[Event "EU-ch Seniors 50 22nd"]
[Site "Acqui Terme"]
[Date "2023.05.28"]
[Round "3"]
[White "Nelis, Jean Francois"]
[Black "Fink Nunn, Petra"]
[Result "1/2-1/2"]
[WhiteElo "2094"]
[BlackElo "1970"]
[PlyCount "83"]
[EventDate "2023.05.26"]
[EventType "swiss"]
[EventRounds "9"]
[EventCountry "ITA"]
[SourceTitle "CBM 214 Extra"]
[Source "ChessBase"]
[SourceDate "2023.07.31"]
[SourceVersion "1"]
[SourceVersionDate "2023.07.31"]
[SourceQuality "1"]

1. Nf3 d5 2. g3 Nf6 3. Bg2 c5 4. 0-0 Nc6 5. d4 e6 6. c4 dxc4 7. Qa4 Bd7 8. Qxc4 cxd4 9. Nxd4 Rc8 10. Nc3 e5 11. Nxc6 Bxc6 12. Bxc6+ Rxc6 13. Qb5 Qc7 14. Bg5 a6 15. Qb3 Rb6 16. Qa4+ Qc6 17. Qc2 Be7 18. Rac1 0-0 19. Qf5 Qe6 20. Qxe6 Rxe6 21. e4 Bb4 22. Bxf6 Bxc3 23. Rxc3 Rxf6 24. Rd1 Rb6 25. b3 Rb4 26. f3 Rd4 27. Rxd4 exd4 28. Rd3 Rd8 29. e5 f6 30. exf6 gxf6 31. Kf2 Kf7 32. f4 Ke6 33. g4 Kd5 34. Kf3 Rc8 35. h4 Rc2 36. a4 Rh2 37. Kg3 Rc2 38. Kf3 Rh2 39. Kg3 Rc2 40. Kf3 Rc3 41. Rxc3 dxc3 42. Ke3 1/2-1/2

[Event "Monaco Sulava Memorial 1st"]
[Site "Monte Carlo"]
[Date "2019.11.29"]
[Round "8"]
[White "Nelis, Jean Francois"]
[Black "Colovic, Aleksandar"]
[Result "0-1"]
[WhiteElo "2175"]
[BlackElo "2292"]
[PlyCount "46"]
[EventDate "2019.11.29"]
[EventType "swiss"]
[EventRounds "9"]
[EventCountry "MNC"]
[SourceTitle "CBM 193 Extra"]
[Source "ChessBase"]
[SourceDate "2020.01.31"]
[SourceVersion "1"]
[SourceVersionDate "2020.01.31"]
[SourceQuality "1"]

1. e4 c5 2. Nf3 d6 3. Bb5+ Bd7 4. Bxd7+ Nxd7 5. 0-0 Ngf6 6. Qe2 e6 7. c4 Be7 8. d4 cxd4 9. Nxd4 Rc8 10. Nc3 a6 11. a4 Qa5 12. Bd2 Qc5 13. Nb3 Qxc4 14. Qxc4 Rxc4 15. Na5 Rc7 16. Rac1 b6 17. Nd5 Nxd5 18. exd5 Rxc1 19. Rxc1 bxa5 20. Rc8+ Bd8 21. Bxa5 Ke7 22. dxe6 fxe6 23. Ra8 Nc5 0-1

[Event "FRA-chT Top 12"]
[Site "Brest"]
[Date "2019.05.25"]
[Round "8.7"]
[White "Nelis, Jean Francois"]
[Black "Riff, Jean Noel"]
[Result "0-1"]
[WhiteElo "2149"]
[BlackElo "2494"]
[PlyCount "100"]
[EventDate "2019.05.18"]
[EventType "team-tourn"]
[EventRounds "11"]
[EventCountry "FRA"]
[SourceTitle "CBM 190 Extra"]
[Source "ChessBase"]
[SourceDate "2019.07.15"]
[SourceVersion "1"]
[SourceVersionDate "2019.07.15"]
[SourceQuality "1"]
[WhiteTeam "Monaco"]
[BlackTeam "Mulhouse"]
[WhiteTeamCountry "FRA"]
[BlackTeamCountry "FRA"]

1. d4 Nf6 2. Bf4 b6 3. e3 Bb7 4. h3 g6 5. Nf3 Bg7 6. Be2 0-0 7. 0-0 d6 8. a4 Nbd7 9. a5 bxa5 10. c3 c5 11. Qa4 Qb6 12. Nbd2 Bc6 13. Qxa5 Nd5 14. Qxb6 axb6 15. Bh2 Rfc8 16. Rfc1 Bh6 17. Kf1 Bb7 18. Nb3 f5 19. Rxa8 Rxa8 20. Ra1 Rxa1+ 21. Nxa1 f4 22. exf4 Nxf4 23. Bxf4 Bxf4 24. Nc2 Bc1 25. b4 Bb2 26. bxc5 bxc5 27. Bb5 Nf8 28. dxc5 dxc5 29. c4 Ne6 30. Nfe1 Bc3 31. h4 Kf7 32. g3 Nc7 33. Ba4 Ke6 34. Nd3 Kd6 35. Ke2 Ba6 36. Na3 Ne6 37. Nb5+ Bxb5 38. cxb5 c4 39. Nc1 Kc5 40. Kf3 Nd4+ 41. Kg4 Bd2 42. Na2 c3 43. f4 c2 44. Kg5 e5 45. b6 Kxb6 46. Bd7 e4 47. Bh3 e3 48. Bf1 e2 49. Bxe2 Nxe2 50. Kh6 Nc3 0-1

[Event "FRA-chT Top 12"]
[Site "Brest"]
[Date "2019.05.21"]
[Round "4.8"]
[White "Milliet, Sophie"]
[Black "Nelis, Jean Francois"]
[Result "1/2-1/2"]
[WhiteElo "2400"]
[BlackElo "2149"]
[PlyCount "90"]
[EventDate "2019.05.18"]
[EventType "team-tourn"]
[EventRounds "11"]
[EventCountry "FRA"]
[SourceTitle "CBM 190 Extra"]
[Source "ChessBase"]
[SourceDate "2019.07.15"]
[SourceVersion "1"]
[SourceVersionDate "2019.07.15"]
[SourceQuality "1"]
[WhiteTeam "Grasse Echecs"]
[BlackTeam "Monaco"]
[WhiteTeamCountry "FRA"]
[BlackTeamCountry "FRA"]

1. e4 e6 2. d4 d5 3. Nc3 Bb4 4. e5 Ne7 5. a3 Bxc3+ 6. bxc3 b6 7. Qg4 Ng6 8. h4 h5 9. Qd1 Ba6 10. Bxa6 Nxa6 11. Bg5 Ne7 12. Nh3 Nb8 13. Nf4 g6 14. 0-0 Nbc6 15. Bf6 Rg8 16. Qf3 Qd7 17. a4 Na5 18. Bxe7 Qxe7 19. c4 c6 20. cxd5 cxd5 21. c4 Nxc4 22. Rfc1 Rd8 23. Qg3 Rh8 24. Rc3 Rc8 25. Nh3 Kd7 26. Qf4 Rc7 27. Ng5 Kc8 28. Rac1 Kb8 29. Ne4 dxe4 30. Rxc4 Rhc8 31. Rxc7 Rxc7 32. Rxc7 Kxc7 33. Qxe4 Qd7 34. Qf3 Kb8 35. Qa3 Kb7 36. Qb4 Ka6 37. Kh2 Kb7 38. f3 a5 39. Qf8 Kc6 40. Qa8+ Qb7 41. Qd8 Qd7 42. Qa8+ Qb7 43. Qd8 Qc7 44. Qa8+ Qb7 45. Qd8 Qd7 1/2-1/2

[Event "FRA-chT Top 12"]
[Site "Brest"]
[Date "2018.06.03"]
[Round "9"]
[White "Demuth, Adrien"]
[Black "Nelis, Jean Francois"]
[Result "1/2-1/2"]
[WhiteElo "2542"]
[BlackElo "2141"]
[PlyCount "46"]
[EventDate "2018.05.26"]
[EventType "team-tourn"]
[EventRounds "11"]
[EventCountry "FRA"]
[SourceTitle "EXT 2019"]
[Source "ChessBase"]
[SourceDate "2018.10.10"]
[SourceVersion "1"]
[SourceVersionDate "2018.10.10"]
[SourceQuality "1"]
[WhiteTeam "Nice Alekhine"]
[BlackTeam "Cemc Monaco"]
[WhiteTeamCountry "FRA"]
[BlackTeamCountry "MNC"]

1. g3 c5 2. Bg2 g6 3. c4 Bg7 4. Nc3 Nc6 5. b3 e6 6. Bxc6 bxc6 7. Bb2 e5 8. d3 d6 9. Qd2 h5 10. h3 Nf6 11. f4 exf4 12. gxf4 d5 13. Nf3 0-0 14. 0-0-0 Re8 15. Ng5 Bf5 16. Rhe1 d4 17. Na4 Qe7 18. Kb1 Nd7 19. Bc1 Nb6 20. Qa5 Nxa4 21. Qxa4 a5 22. h4 Qf6 23. Nf3 Qd6 1/2-1/2

[Event "FRA-chT Top 12"]
[Site "Brest"]
[Date "2018.05.31"]
[Round "6.7"]
[White "Nelis, Jean Francois"]
[Black "Leroy, Didier"]
[Result "0-1"]
[WhiteElo "2141"]
[BlackElo "2297"]
[PlyCount "122"]
[EventDate "2018.05.26"]
[EventType "team-tourn"]
[EventRounds "11"]
[EventCountry "FRA"]
[SourceTitle "EXT 2019"]
[Source "ChessBase"]
[SourceDate "2018.10.10"]
[SourceVersion "1"]
[SourceVersionDate "2018.10.10"]
[SourceQuality "1"]
[WhiteTeam "Cemc Monaco"]
[BlackTeam "Evry Grand Roque"]
[WhiteTeamCountry "MNC"]
[BlackTeamCountry "FRA"]

1. e4 c5 2. Nf3 Nc6 3. Bb5 e6 4. Bxc6 bxc6 5. b3 f6 6. Bb2 Nh6 7. 0-0 Be7 8. e5 fxe5 9. Nxe5 0-0 10. d4 cxd4 11. Qxd4 Bf6 12. Qd2 Qc7 13. f4 d6 14. Nd3 Ng4 15. h3 Qb6+ 16. Kh1 Ne3 17. Re1 Nf5 18. Nc3 Bh4 19. Rg1 Bb7 20. Ne2 c5 21. c4 Qc6 22. Kh2 Bf6 23. Raf1 Bxb2 24. Nxb2 Rf6 25. Nd1 Rg6 26. Rf2 Rf8 27. Qd3 d5 28. cxd5 exd5 29. Ne3 Nxe3 30. Qxe3 Re6 31. Qd2 d4 32. b4 Rd8 33. bxc5 Qxc5 34. f5 Re3 35. Rc1 Qe5+ 36. Kg1 Qe4 37. Rc7 Ba6 38. Nf4 Qxf5 39. Rxa7 Qb1+ 40. Kh2 Qb6 41. Rf7 Qd6 42. Rf5 Bc4 43. g3 Ra8 44. Qc2 Bxa2 45. Nh5 Bb3 46. Qb1 Qg6 47. Qa1 Ree8 48. Qxd4 h6 49. Rc5 Re7 50. Qc3 Be6 51. Re2 Ra2 52. Qe3 Bc4 53. Qxe7 Rxe2+ 54. Qxe2 Bxe2 55. Nf4 Qe4 56. Rc1 Ba6 57. Ng2 Qe2 58. h4 Bb7 59. Rg1 Kh7 60. Kh1 Qf2 61. Kh2 h5 0-1

[Event "FRA-chT Top 12"]
[Site "Brest"]
[Date "2018.05.30"]
[Round "5"]
[White "Nelis, Jean Francois"]
[Black "Iglesias, Yosha"]
[Result "1-0"]
[WhiteElo "2141"]
[BlackElo "2249"]
[PlyCount "51"]
[EventDate "2018.05.26"]
[EventType "team-tourn"]
[EventRounds "11"]
[EventCountry "FRA"]
[SourceTitle "EXT 2019"]
[Source "ChessBase"]
[SourceDate "2018.10.10"]
[SourceVersion "1"]
[SourceVersionDate "2018.10.10"]
[SourceQuality "1"]
[WhiteTeam "Cemc Monaco"]
[BlackTeam "Vandoeuvre"]
[WhiteTeamCountry "MNC"]
[BlackTeamCountry "FRA"]

1. e4 d6 2. d4 Nf6 3. Nc3 g6 4. Be3 c6 5. Qd2 Nbd7 6. Nf3 Bg7 7. Bh6 0-0 8. 0-0-0 Qa5 9. Kb1 b5 10. Bxg7 Kxg7 11. e5 dxe5 12. dxe5 Ng4 13. e6 Ndf6 14. exf7 b4 15. Ne2 Nxf2 16. Ned4 Nxh1 17. Bc4 Qc5 18. Be6 Rxf7 19. Bxc8 Qb6 20. Ne6+ Kh8 21. Ne5 Rg7 22. Qh6 Ne8 23. Bd7 Qb5 24. Nxg7 Nxg7 25. Nxg6+ Kg8 26. Nxe7+ 1-0

[Event "FRA-chT Top 12"]
[Site "Brest"]
[Date "2018.05.26"]
[Round "1"]
[White "Nelis, Jean Francois"]
[Black "Travadon, Loic"]
[Result "1/2-1/2"]
[WhiteElo "2141"]
[BlackElo "2377"]
[PlyCount "101"]
[EventDate "2018.05.26"]
[EventType "team-tourn"]
[EventRounds "11"]
[EventCountry "FRA"]
[SourceTitle "EXT 2019"]
[Source "ChessBase"]
[SourceDate "2018.10.10"]
[SourceVersion "1"]
[SourceVersionDate "2018.10.10"]
[SourceQuality "1"]
[WhiteTeam "Cemc Monaco"]
[BlackTeam "Bois Colombes"]
[WhiteTeamCountry "MNC"]
[BlackTeamCountry "FRA"]

1. e4 c5 2. Nf3 g6 3. c3 Bg7 4. d4 cxd4 5. cxd4 d5 6. e5 Nc6 7. Bb5 Bg4 8. Bxc6+ bxc6 9. Nbd2 Nh6 10. 0-0 0-0 11. h3 Bf5 12. Re1 f6 13. exf6 exf6 14. Nb3 g5 15. Nc5 Re8 16. Nh2 Rxe1+ 17. Qxe1 Nf7 18. Bd2 Nd6 19. Nf1 h5 20. Ng3 Bg6 21. Ne6 Qd7 22. Nxg7 Kxg7 23. Qd1 h4 24. Nf1 Rb8 25. b3 Re8 26. Rc1 Re6 27. f4 Ne4 28. fxg5 fxg5 29. Qg4 Qf7 30. Bxg5 Qf2+ 31. Kh2 Nxg5 32. Qxg5 Qxd4 33. Nd2 Re5 34. Nf3 Rxg5 35. Nxd4 Rg3 36. Nf3 Be4 37. Rxc6 Bxf3 38. gxf3 Rxf3 39. Rd6 Rd3 40. b4 Kf7 41. a4 Ke7 42. Ra6 d4 43. Kg2 Rg3+ 44. Kf2 Rxh3 45. b5 Rb3 46. Rxa7+ Kf6 47. Rh7 Kg5 48. Rd7 Rb2+ 49. Kg1 Rb4 50. b6 Rxa4 51. b7 1/2-1/2

[Event "EU-Cup 32nd"]
[Site "Novi Sad"]
[Date "2016.11.08"]
[Round "3.5"]
[White "Nelis, Jean Francois"]
[Black "Velickovic, Sasa"]
[Result "0-1"]
[WhiteElo "2158"]
[BlackElo "2312"]
[PlyCount "48"]
[EventDate "2016.11.06"]
[EventType "team-swiss"]
[EventRounds "7"]
[EventCountry "SRB"]
[SourceTitle "CBM 176"]
[Source "ChessBase"]
[SourceDate "2017.01.17"]
[SourceVersion "1"]
[SourceVersionDate "2017.01.17"]
[SourceQuality "1"]
[WhiteTeam "Monte Carlo"]
[BlackTeam "Crvena Zvezda"]
[WhiteTeamCountry "MNC"]
[BlackTeamCountry "SRB"]

1. d4 Nf6 2. Nf3 g6 3. Nc3 d5 4. Bf4 Bg7 5. Qd2 h6 6. h4 c6 7. Ne5 Be6 8. f3 Nbd7 9. g4 Nb6 10. e3 Nfd7 11. Nxd7 Qxd7 12. 0-0-0 h5 13. g5 0-0 14. Bd3 Rfc8 15. Qh2 c5 16. Be5 Bxe5 17. Qxe5 c4 18. Be2 Na4 19. e4 Nxc3 20. bxc3 Rc6 21. Rhg1 Ra6 22. f4 Rxa2 23. Kd2 dxe4 24. Rc1 Qd5 0-1

[Event "Mediterranean-ch 10th"]
[Site "Beirut"]
[Date "2015.10.24"]
[Round "8"]
[White "Nelis, Jean Francois"]
[Black "Bassel, Charaf"]
[Result "1-0"]
[WhiteElo "2150"]
[BlackElo "2126"]
[PlyCount "59"]
[EventDate "2015.10.16"]
[EventType "swiss"]
[EventRounds "9"]
[EventCountry "LBN"]
[SourceTitle "EXT 2018"]
[Source "ChessBase"]
[SourceDate "2017.10.13"]
[SourceVersion "1"]
[SourceVersionDate "2017.10.13"]
[SourceQuality "1"]

1. e4 e6 2. d4 c5 3. d5 exd5 4. exd5 d6 5. c4 g6 6. Bd3 Bg7 7. Nf3 Ne7 8. Nc3 0-0 9. 0-0 Nd7 10. Bg5 Nf6 11. Qd2 Nf5 12. Qc2 h6 13. Bd2 Ng4 14. Ne4 b6 15. Bc3 Ne5 16. Ned2 Re8 17. Rfe1 Qd7 18. Nxe5 dxe5 19. Bxf5 Qxf5 20. Ne4 Qd7 21. f4 f5 22. fxe5 fxe4 23. e6 Qe7 24. Qxe4 Bxc3 25. bxc3 Qg5 26. Rf1 Re7 27. Rf3 Rg7 28. Raf1 Ba6 29. h4 Qd2 30. e7 1-0

[Event "Mediterranean-ch 10th"]
[Site "Beirut"]
[Date "2015.10.22"]
[Round "6"]
[White "Nelis, Jean Francois"]
[Black "Shamieh, Jamal"]
[Result "1-0"]
[WhiteElo "2150"]
[BlackElo "2124"]
[PlyCount "115"]
[EventDate "2015.10.16"]
[EventType "swiss"]
[EventRounds "9"]
[EventCountry "LBN"]
[SourceTitle "EXT 2018"]
[Source "ChessBase"]
[SourceDate "2017.10.13"]
[SourceVersion "1"]
[SourceVersionDate "2017.10.13"]
[SourceQuality "1"]

1. e4 d6 2. d4 Nf6 3. Nc3 e5 4. Nf3 exd4 5. Nxd4 Be7 6. Bf4 0-0 7. Qd2 Nc6 8. 0-0-0 Nxd4 9. Qxd4 Be6 10. f3 Nd7 11. Qd2 a6 12. Kb1 b5 13. Nd5 Bxd5 14. exd5 Bf6 15. g4 Nb6 16. a3 Na4 17. c3 Qd7 18. g5 Be7 19. h4 Rfb8 20. Bh3 Qd8 21. h5 b4 22. cxb4 a5 23. b3 axb4 24. bxa4 bxa3+ 25. Ka1 Rxa4 26. Rb1 Bf6+ 27. gxf6 Qxf6+ 28. Ka2 Rb2+ 29. Rxb2 axb2+ 30. Kb3 Rxf4 31. Bg4 Rxf3+ 32. Ka2 Rf2 33. Re1 h6 34. Re8+ Kh7 35. Be2 g6 36. hxg6+ fxg6 37. Qxb2 Qxb2+ 38. Kxb2 h5 39. Kc3 h4 40. Bg4 Rf4 41. Bc8 h3 42. Re3 g5 43. Rxh3+ Kg6 44. Kd3 Rf1 45. Be6 Rc1 46. Ke4 Rc4+ 47. Kd3 Rc1 48. Bd7 Rd1+ 49. Kc4 Rc1+ 50. Rc3 Rb1 51. Kd4 Rb4+ 52. Rc4 Rb7 53. Ke4 Kf6 54. Kf3 Ke5 55. Be6 c5 56. dxc6 Rc7 57. Bd7 d5 58. Rb4 1-0

[Event "Mediterranean-ch 10th"]
[Site "Beirut"]
[Date "2015.10.21"]
[Round "5"]
[White "Moudallal, Tarek"]
[Black "Nelis, Jean Francois"]
[Result "0-1"]
[WhiteElo "1976"]
[BlackElo "2150"]
[PlyCount "88"]
[EventDate "2015.10.16"]
[EventType "swiss"]
[EventRounds "9"]
[EventCountry "LBN"]
[SourceTitle "EXT 2018"]
[Source "ChessBase"]
[SourceDate "2017.10.13"]
[SourceVersion "1"]
[SourceVersionDate "2017.10.13"]
[SourceQuality "1"]

1. e4 c5 2. c3 d5 3. exd5 Qxd5 4. d4 Nf6 5. Nf3 Bg4 6. Be2 e6 7. 0-0 Nc6 8. Be3 cxd4 9. cxd4 Bb4 10. h3 Bh5 11. Qa4 0-0 12. Rc1 Qa5 13. Qb3 Rfc8 14. a3 Bd6 15. Qxb7 Bxf3 16. gxf3 Ne7 17. Rxc8+ Rxc8 18. Qa6 Qe1+ 19. Kg2 Nfd5 20. Nc3 Qxa1 21. Nxd5 exd5 22. Qxd6 Qxb2 23. Bd3 Qb7 24. Bg5 Ng6 25. Ba6 Qc6 26. Qxc6 Rxc6 27. Bb7 Rb6 28. Ba8 h6 29. Bd2 Ne7 30. Bb4 Rb8 31. Bxe7 Rxa8 32. Bc5 g6 33. Kg3 Kg7 34. Kf4 Kf6 35. Ke3 a6 36. a4 Kf5 37. a5 Re8+ 38. Kd3 Kf4 39. Bd6+ Kxf3 40. Kc3 Re6 41. Bf8 g5 42. Kb4 Rc6 43. Bxh6 Rxh6 44. Kc5 Ke4 0-1

[Event "Mediterranean-ch 10th"]
[Site "Beirut"]
[Date "2015.10.20"]
[Round "4"]
[White "Nelis, Jean Francois"]
[Black "Abdulaziz, Mahmoud"]
[Result "0-1"]
[WhiteElo "2150"]
[BlackElo "2097"]
[PlyCount "42"]
[EventDate "2015.10.16"]
[EventType "swiss"]
[EventRounds "9"]
[EventCountry "LBN"]
[SourceTitle "EXT 2018"]
[Source "ChessBase"]
[SourceDate "2017.10.13"]
[SourceVersion "1"]
[SourceVersionDate "2017.10.13"]
[SourceQuality "1"]

1. d4 g6 2. e4 Bg7 3. Nc3 d6 4. Be3 c6 5. a4 Nf6 6. h3 Nbd7 7. Nf3 0-0 8. Be2 b6 9. 0-0 e5 10. dxe5 dxe5 11. Nd2 Qe7 12. Nc4 Ba6 13. f3 Rfd8 14. Qb1 Nh5 15. Nd2 Bc8 16. Bc4 Nf4 17. Kh2 Nf8 18. Qe1 N8e6 19. g3 Nd4 20. gxf4 Nxc2 21. Qe2 Bh6 0-1

[Event "EU Small Countries ol 4th"]
[Site "Saint Peter Port"]
[Date "2015.04.22"]
[Round "5.3"]
[White "Muendle, Kurt"]
[Black "Nelis, Jean Francois"]
[Result "0-1"]
[WhiteElo "1863"]
[BlackElo "2146"]
[PlyCount "80"]
[EventDate "2015.04.19"]
[EventType "team-tourn"]
[EventRounds "9"]
[EventCountry "GCI"]
[SourceTitle "CBM 166 Extra"]
[Source "ChessBase"]
[SourceDate "2015.06.18"]
[SourceVersion "1"]
[SourceVersionDate "2015.06.18"]
[SourceQuality "1"]
[WhiteTeam "Liechtenstein"]
[BlackTeam "Monaco"]
[WhiteTeamCountry "LIE"]
[BlackTeamCountry "MNC"]

1. d4 e6 2. c4 Bb4+ 3. Nc3 c5 4. e3 Nc6 5. Nf3 Bxc3+ 6. bxc3 d6 7. Bd3 Nf6 8. 0-0 e5 9. Be2 0-0 10. h3 Bf5 11. d5 Ne7 12. Nd2 Qa5 13. Qb3 Rab8 14. f3 h6 15. e4 Bd7 16. Qc2 Nh5 17. Nb3 Qd8 18. Be3 b6 19. Qd2 Ng6 20. Kh2 Nhf4 21. Nc1 f5 22. Bxf4 exf4 23. Nd3 Qg5 24. Bd1 Rbe8 25. Nf2 Nh4 26. Rg1 Rf6 27. Bc2 Qxg2+ 28. Rxg2 Nxf3+ 29. Kh1 Nxd2 30. Rag1 g5 31. exf5 Nf3 32. Ng4 Kg7 33. Nxf6 Kxf6 34. Rf1 Re3 35. Rgf2 Nh4 36. Kh2 Rxc3 37. Re2 Nf3+ 38. Kg2 Nd4 39. Re6+ Bxe6 40. fxe6 Rxc2+ 0-1

[Event "Olympiad-41"]
[Site "Tromsoe"]
[Date "2014.08.06"]
[Round "5.3"]
[White "Nelis, Jean Francois"]
[Black "Cueto Chajtur, Johny"]
[Result "1/2-1/2"]
[WhiteElo "2224"]
[BlackElo "2283"]
[PlyCount "110"]
[EventDate "2014.08.02"]
[EventType "team-swiss"]
[EventRounds "11"]
[EventCountry "NOR"]
[SourceTitle "CBM 162"]
[Source "ChessBase"]
[SourceDate "2014.09.17"]
[SourceVersion "1"]
[SourceVersionDate "2014.09.17"]
[SourceQuality "1"]
[WhiteTeam "Monaco"]
[BlackTeam "Bolivia"]
[WhiteTeamCountry "MNC"]
[BlackTeamCountry "BOL"]

1. e4 c5 2. Nf3 d6 3. Bb5+ Bd7 4. Bxd7+ Qxd7 5. 0-0 Nc6 6. Qe2 Nf6 7. Rd1 e6 8. d4 cxd4 9. Nxd4 Be7 10. c4 0-0 11. Nc3 Rfd8 12. b3 a6 13. Ba3 Qc7 14. Nxc6 bxc6 15. Rac1 Qa5 16. Na4 Qe5 17. f3 Kf8 18. Bb2 Qg5 19. Bd4 Nh5 20. Be3 Qg6 21. Nc3 Bg5 22. Qd2 Bxe3+ 23. Qxe3 e5 24. Rc2 Nf4 25. Rcd2 h5 26. Kh1 h4 27. h3 Qg3 28. Rg1 f6 29. Ne2 Nxe2 30. Qxe2 c5 31. Rgd1 Ke7 32. Rd5 Rac8 33. Qd2 Rc6 34. b4 cxb4 35. c5 Kf7 36. Qxb4 Kg6 37. Rxd6 Rdxd6 38. cxd6 Rc2 39. Rg1 Qf2 40. d7 Rd2 41. Qa5 Qd4 42. Qxa6 Qxd7 43. a3 Kg5 44. Qb6 Kf4 45. Qb1 Re2 46. Kh2 Qd2 47. a4 Rf2 48. Qb3 Kg5 49. Qa3 Re2 50. Kh1 Re1 51. Qc5 g6 52. a5 Rxg1+ 53. Kxg1 Qe1+ 54. Kh2 Qg3+ 55. Kg1 Qe1+ 1/2-1/2

[Event "Francophone op 2nd"]
[Site "Beirut"]
[Date "2014.06.06"]
[Round "8"]
[White "Nelis, Jean Francois"]
[Black "Gerber, Richard"]
[Result "1/2-1/2"]
[WhiteElo "2217"]
[BlackElo "2383"]
[PlyCount "60"]
[EventDate "2014.05.31"]
[EventType "swiss"]
[EventRounds "9"]
[EventCountry "LBN"]
[SourceTitle "EXT 2015"]
[Source "ChessBase"]
[SourceDate "2014.11.20"]
[SourceVersion "1"]
[SourceVersionDate "2014.11.20"]
[SourceQuality "1"]

1. d4 Nf6 2. Nf3 d6 3. Nc3 Bf5 4. Nh4 Bd7 5. e4 e5 6. Nf3 Nc6 7. Bc4 Be7 8. 0-0 0-0 9. h3 exd4 10. Nxd4 Nxd4 11. Qxd4 Bc6 12. Re1 Nd7 13. Nd5 Bxd5 14. Qxd5 Nb6 15. Qd3 Nxc4 16. Qxc4 Bf6 17. Bd2 Re8 18. Bc3 Bxc3 19. Qxc3 Re6 20. e5 dxe5 21. Rxe5 Qf6 22. Rae1 Rxe5 23. Qxe5 Qxe5 24. Rxe5 Kf8 25. Kf1 Re8 26. Rxe8+ Kxe8 27. Ke2 Kd7 28. Ke3 Ke6 29. Ke4 h6 30. f4 f5+ 1/2-1/2

[Event "Francophone op 2nd"]
[Site "Beirut"]
[Date "2014.06.03"]
[Round "5"]
[White "Akhrass, Roland"]
[Black "Nelis, Jean Francois"]
[Result "0-1"]
[WhiteElo "1955"]
[BlackElo "2217"]
[PlyCount "76"]
[EventDate "2014.05.31"]
[EventType "swiss"]
[EventRounds "9"]
[EventCountry "LBN"]
[SourceTitle "EXT 2015"]
[Source "ChessBase"]
[SourceDate "2014.11.20"]
[SourceVersion "1"]
[SourceVersionDate "2014.11.20"]
[SourceQuality "1"]

1. e4 e6 2. d4 d5 3. exd5 exd5 4. c4 Nf6 5. Nc3 Bb4 6. Bd3 0-0 7. Nge2 dxc4 8. Bxc4 h6 9. 0-0 Nc6 10. a3 Bd6 11. Qd3 a6 12. b4 Bg4 13. f3 Bh5 14. g4 b5 15. Ba2 Ne5 16. Qe3 Nexg4 17. fxg4 Re8 18. Qd3 Nxg4 19. Bf4 Bxf4 20. Nxf4 Re3 21. Qd2 Qg5 22. Ng2 Rae8 23. h4 Qd8 24. Rf4 Rg3 25. Re1 Rxe1+ 26. Qxe1 Qxh4 27. Rxg4 Qxg4 28. Qe8+ Kh7 29. Qe4+ Qxe4 30. Nxe4 Rxa3 31. Bd5 Bf3 32. Nf4 f5 33. Nc5 Bxd5 34. Nxd5 c6 35. Ne7 a5 36. bxa5 Rxa5 37. Nxf5 b4 38. Ne7 Rxc5 0-1

[Event "Francophone-ch rapid"]
[Site "St Laurent"]
[Date "2014.??.??"]
[Round "13"]
[White "Apicella, Manuel"]
[Black "Nelis, Jean Francois"]
[Result "1-0"]
[WhiteElo "2521"]
[BlackElo "2215"]
[PlyCount "70"]
[EventDate "2014.07.05"]
[EventType "swiss (rapid)"]
[EventRounds "15"]
[EventCountry "FRA"]
[SourceTitle "CBM 161 Extra"]
[Source "ChessBase"]
[SourceDate "2014.08.29"]
[SourceVersion "1"]
[SourceVersionDate "2014.08.29"]
[SourceQuality "1"]

1. e4 e6 2. d4 d5 3. Nc3 Bb4 4. e5 c5 5. a3 Bxc3+ 6. bxc3 Qc7 7. Qg4 f5 8. Qh5+ g6 9. Qd1 b6 10. Nf3 h6 11. c4 Bb7 12. cxd5 Bxd5 13. Bb5+ Bc6 14. Bc4 Kf7 15. d5 exd5 16. Bxd5+ Kf8 17. c4 Ne7 18. 0-0 Qb7 19. Bxc6 Nbxc6 20. Qd6 Rd8 21. Qf6+ Kg8 22. e6 Rf8 23. Qc3 Rh7 24. Bb2 Qc8 25. Rfe1 g5 26. h3 g4 27. hxg4 fxg4 28. Ne5 Nd4 29. Nd7 Rf5 30. Qg3 h5 31. Bxd4 cxd4 32. Re5 Rxe5 33. Qxe5 Rg7 34. Nf6+ Kf8 35. Nxg4 hxg4 1-0